书目信息 |
| 题名: |
VB.NET和ASP.NET编程手册
|
|
| 作者: | 摩尔 , Moore 著 ;高升 , 李耀华 译 | |
| 分册: | ||
| 出版信息: | 北京 清华大学出版社 2004.3 |
|
| 页数: | 311页 | |
| 开本: | 26cm | |
| 丛书名: | ||
| 单 册: | ||
| 中图分类: | TP312 , TP393.092 | |
| 科图分类: | ||
| 主题词: | BASIC语言--程序设计 , 主页制作--程序设计 , 程序设计 | |
| 电子资源: | ||
| ISBN: | 7-302-08102-6 | |
| 000 | 00970nam0 2200313 45 | |
| 001 | 012004000000 | |
| 005 | 20050105112725.74 | |
| 010 | @a7-302-08102-6@dCNY 38.00 | |
| 100 | @a20041220d2004 em y0chiy0121 ea | |
| 101 | 1 | @achi@ceng |
| 102 | @aCN@b110000 | |
| 105 | @aa z 000yy | |
| 200 | 1 | @aVB.NET和ASP.NET编程手册@AVB.NET he ASP.NET bian cheng shou ce@f(美)摩尔(Karl Moore)著@g高升, 李耀华译 |
| 210 | @a北京@c清华大学出版社@d2004.3 | |
| 215 | @a311页@c图@d26cm | |
| 304 | @a书名原文: The ultimate VB.NET and ASP.NET code book | |
| 320 | @a附附录 | |
| 510 | 1 | @aThe ultimate VB.NET and ASP.NET code book@zeng |
| 606 | 0 | @aBASIC语言@x程序设计 |
| 606 | 0 | @a主页制作@x程序设计 |
| 606 | 0 | @a程序设计 |
| 690 | @aTP312@v4 | |
| 690 | @aTP393.092@v4 | |
| 701 | 1 | @a摩尔@Amo er@bK.@4著 |
| 701 | A1 | @aMoore@bKarl@4著 |
| 702 | 0 | @a高升@Agao sheng@4译 |
| 702 | 0 | @a李耀华@Ali yao hua@4译 |
| 801 | 0 | @aCN@bQSSKw@c20050105 |
| 905 | @a10447@dTP312@eM823 | |
| VB.NET和ASP.NET编程手册/(美)摩尔(Karl Moore)著/高升, 李耀华译.-北京:清华大学出版社,2004.3 |
| 311页:图;26cm |
| ISBN 7-302-08102-6:CNY 38.00 |
| ● |
| 相关链接 |
|
|
|
正题名:VB.NET和ASP.NET编程手册
索取号:TP312/M823
 
预约/预借
| 序号 | 登录号 | 条形码 | 馆藏地/架位号 | 状态 | 备注 |
| 1 | 433957 | 204339572 | 自科二线504/504自科库 7排3列4层/ [索取号:TP312/M823] | 在馆 | |
| 2 | 433958 | 204339581 | 自科二线504/504自科库 7排1列3层/ [索取号:TP312/M823] | 在馆 | |
| 3 | 433959 | 204339590 | 自科库301/301自科库 79排2列5层/ [索取号:TP312/M823] | 在馆 | |
| 4 | 433960 | 204339607 | 自科二线504/504自科库 20排1列2层/ [索取号:TP312/M823] | 在馆 | |
| 5 | 433961 | 204339616 | 期刊室512/301自科库 75排1列5层/ [索取号:TP312/M823] | 在馆 | |
| 6 | 434532 | 204345324 | 自科二线504/504自科库 7排1列3层/ [索取号:TP312/M823] | 在馆 |